000 00318nam a22001337a 4500
008 190311b xxu||||| |||| 00| 0 eng d
020 _a9780814150184
041 _aeng
080 _a371
100 _a46
101 _aEDU
245 _aA teacher introduction to reader-response theories
_cBeach,R
942 _2udc
_cBK
999 _c54666
_d54666